[Event "Sachsen-Anhalt Landesliga-A 1920"]
[Site "Sachsen Anhalt"]
[Date "2020.03.05"]
[Round "7"]
[White "Steinhausen, Fred"]
[Black "Hennigs, Paul"]
[Result "1/2-1/2"]
[WhiteElo "1582"]
[BlackElo "1487"]
[PlyCount "26"]
[EventDate "2019.09.29"]
[EventType "team-tourn"]
[EventRounds "9"]
[EventCountry "GER"]
[SourceTitle "EXT 2023"]
[Source "ChessBase"]
[SourceDate "2022.10.05"]
[SourceVersion "1"]
[SourceVersionDate "2022.10.05"]
[SourceQuality "1"]
[WhiteTeam "Dahlenwarsleben"]
[BlackTeam "Gardelegen"]
[WhiteTeamCountry "GER"]
[BlackTeamCountry "GER"]

1. e4 e5 2. Nf3 Nc6 3. Bc4 Bc5 4. c3 Nf6 5. d3 0-0 6. 0-0 a6 7. b4 Ba7 8. h3 b5 9. Bb3 d6 10. Be3 Bxe3 11. fxe3 Nh5 12. Qe1 Qe7 13. Nbd2 Be6 1/2-1/2